US Capital Rhymes - Statistics

General Stats
  • This quiz has been taken 157 times
  • The average score is 11 of 20
Answer Stats
Rhyme Capital % Correct
Addison Madison
95%
Noisy Boise
82%
Clover Dover
80%
Dancing Lansing
76%
Austin Boston
71%
Rincon Lincoln
65%
Remix Phoenix
63%
Eureka Topeka
62%
Coin Des Moines
60%
Minneapolis Annapolis
58%
Sassy Tallahassee
58%
Santa Atlanta
57%
Waxen Jackson
48%
Jolly Raleigh
43%
Dentin Trenton
43%
Bay Santa Fé
40%
Affair Pierre
38%
Block Little Rock
36%
All St. Paul
31%
Pen Cheyenne
28%
No matching quizzes found
Score Distribution
Percent of People with Each Score
Percentile by Number Answered
Your Score History
You have not taken this quiz